000 00683nam a2200205Ia 4500
005 20260121110146.0
008 008 260114s9999 xx 000 0 hin d
020 _a9788132354895
037 _aEBOOK
040 _aCRL
_bhin
_cCRL
041 _ahin
_2hin
084 _qCRL
100 _aकरण मिश्र / Karan Mishra
_9942758
245 0 _aहिन्दी उपन्यास की विकास यात्रा / Hindi Upanyas ki Vikas Yatra
260 _bभाषा प्रकाशन / Bhasha Prakashan
_c2021
856 _uhttps://bhashaprakashan.com/product-details/378626
942 _cEBOOK
999 _c1534423
_d1534423